• 首页
  • 本馆介绍
  • 公告通知
  • 最新文献
  • 馆藏检索
  • 电子资源
  • 读者导购
  • 参考咨询
  • 我的图书馆
  • 登录
  • 详细信息显示
  • 放入我的书架
  • 预约/预借图书
  • 作者相关作品
  • 分类相关作品
  • 丛书相关作品
  • 出版社相关作品

书目信息

  • 表格格式
  • 工作单格式
  • 卡片格式
题名:
射影几何学
    
 
作者: 孙福元 , 蔡昌令 , 郭卫中 编
分册:  
出版信息: 长春   吉林师范大学函授教育处  1959
页数: 199页
开本: 20cm
丛书名:
单 册:
中图分类: O185.1
科图分类:
主题词: 几何 , 拓扑
电子资源:
ISBN:
000 00699nam0 2200241 450
001 0662677515
005 20060819172825.20
010    @dCNY1.83
100    @a20060819d1959 km y0chiy0120 ea
101 0  @achi
102    @aCN@b220000
200 1  @a射影几何学@Ashe ying ji he xue@f孙福元,蔡昌令,郭卫中编@Fsun fu yuan,cai chang ling,guo wei zhong bian
210    @a长春@c吉林师范大学函授教育处@d1959
215    @a199页@d20cm
300    @a吉林师范大学数学函授教材
606 0  @a几何
606 0  @a拓扑
690    @aO185.1
701  0 @a孙福元@Asun fu yuan@4编
701  0 @a蔡昌令@Acai chang ling@4编
701  0 @a郭卫中@Aguo wei zhong@4编
801  0 @aCN@bPFT@c20060819
905    @a10447@dO185.1@e34
    
    射影几何学/孙福元,蔡昌令,郭卫中编.-长春:吉林师范大学函授教育处,1959
    199页;20cm
    吉林师范大学数学函授教材
    
    ISBN :CNY1.83
    
●
相关链接 在E读中查询图书 在五车中查询图书 在当当中查询图书 在豆瓣中查询图书


正题名:射影几何学     索取号:O185.1/34         预约/预借

序号 登录号 条形码 馆藏地/架位号 状态 备注
1 0468967   204689676   密集书库/ [索取号:O185.1/34] 在馆    
唐山师范学院图书馆 欢迎您!
大连网信软件有限公司© 版权所有